How I Met Your Movie Villain Quiz Stats

 Plays Quiz Updated Apr 9, 2016

Challenge
Share
Tweet
Embed
Score 0/20 Timer 07:00
3 Plays Today
% Correct
Lord Farquaad (Shrek)
91.6%
Edgar the Bug (Men In Black)
89.4%
Shooter McGavin (Happy Gilmore)
89.1%
Calvin Candie (Django Unchained)
87.3%
Norman Bates (Psycho)
87.2%
Vizzini (The Princess Bride)
84.5%
Scar (The Lion King)
84.4%
Clubber Lang (Rocky III)
82.5%
Darth Vader (Star Wars: Episode IV - A New Hope)
80.4%
Alex Forrest (Fatal Attraction)
79.6%
% Correct
Hans Gruber (Die Hard)
78.9%
Wicked Witch of the West (The Wizard of Oz)
76.7%
Annie Wilkes (Misery)
76.4%
Vincent Ludwig (The Naked Gun: From the Files of Police Squad!)
68.8%
Ivan Korshunov (Air Force One)
68.3%
Hedley Lamarr (Blazing Saddles)
65.4%
Wolf “the Dentist” Stansson (D2: The Mighty Ducks)
61.1%
Cyrus “the Virus” Grissom (Con Air)
54.8%
Howard Payne (Speed)
54.1%
Bane (The Dark Knight Rises)
45.3%

You're not logged in!

Compare scores with friends on all Sporcle quizzes.
OR
Log In

You Might Also Like...

Show Comments

Extras

Top Quizzes Today


Score Distribution

Your Account Isn't Verified!

In order to create a playlist on Sporcle, you need to verify the email address you used during registration. Go to your Sporcle Settings to finish the process.

Report this User

Report this user for behavior that violates our Community Guidelines.

Details: